| 000 | 00715nam a2200241Ia 4500 | ||
|---|---|---|---|
| 003 | OSt | ||
| 005 | 20220918173943.0 | ||
| 006 | a|||||r|||| 00| 0 | ||
| 007 | ta | ||
| 008 | 220917b |||||||| |||| 00| 0 eng d | ||
| 024 | _a9,449 | ||
| 037 | _cTextual | ||
| 040 |
_aARTS _cARTS _beng |
||
| 041 |
_2eng _aeng |
||
| 082 | _a2:51qN370X, G7 | ||
| 110 |
_aHarvard university graduate school of business adminstration library _948568 |
||
| 245 | 0 | _aClassification of business literature | |
| 260 | _c1937 | ||
| 650 | _aLIBRARY SCIENCE | ||
| 700 |
_aHarvard university graduate school of business adminstration library _948569 |
||
| 942 |
_h2:51qN370X, G7 _cTEXL _2CC |
||
| 999 |
_c151091 _d151091 |
||